000 01168nam a22002177a 4500
999 _c59683
_d59683
003 Ge_BSU
005 20230331173750.0
008 230331s2009 ge ||||| |||| 00| 0 geo d
020 _a9789941100895
041 _ageo
080 _a343(075.8) ს-54
245 _aსისხლის სამართლის კერძო ნაწილი :
_bწიგნი 2 /
_cავტორები: მზია ლეკვეიშვილი, გოჩა მამულაშვილი, ნინო გვენეტაძე და სხვ.; რედ. გ. მამულაშვილი.
264 _aთბილისი :
_bმერიდიანი,
_c2009.
300 _a424 გვ.;
_b21 სმ.
653 _aსისხლის სამართალი
700 _aლეკვეიშვილი, მზია
_eავტორი
_917414
700 _aმამულაშვილი, გოჩა
_eავტორი
_917415
700 _aგვენეტაძე, ნინო და სხვ.;
_917416
700 _aმამულაშვილი, გ.
_eრედაქტორი
_917417
942 _2udc
_cBK